[Event "Kupreichik Memorial Open 2018"]
[Site "Minsk"]
[Date "2018.06.21"]
[Round "3"]
[White "Stsepkina, Yauheniya"]
[Black "Kalinin, Dmitry"]
[Result "0-1"]
[WhiteElo "1591"]
[BlackElo "1995"]
[Annotator "NA"]
[PlyCount "113"]
[EventDate "2018.06.21"]
[EventCountry "BLR"]
[SourceTitle "playchess.com"]
[Source "ChessBase"]
[SourceQuality "1"]
[TimeControl "900+10"]

1. d4 {[%emt 0:00:00]} Nf6 {[%emt 0:00:02]} 2. c4 {[%emt 0:00:00]} e6 {[%emt 0:00:06]} 3. Nf3 {[%emt 0:00:00]} d5 {[%emt 0:00:03]} 4. g3 {[%emt 0:00:00]} Be7 {[%emt 0:00:03]} 5. Bg2 {[%emt 0:00:00]} dxc4 {[%emt 0:00:04]} 6. Qa4+ {[%emt 0:02:56]} Bd7 {[%emt 0:00:31]} 7. Qxc4 {[%emt 0:00:02]} Bc6 {[%emt 0:00:01]} 8. O-O {[%emt 0:00:05]} O-O {[%emt 0:00:16]} 9. Nc3 {[%emt 0:00:19]} a6 {[%emt 0:00:28]} 10. Ne5 {[%emt 0:01:50]} Bxg2 {[%emt 0:00:02]} 11. Kxg2 {[%emt 0:00:01]} Nbd7 {[%emt 0:01:02]} 12. e4 {[%emt 0:02:02]} Nb6 {[%emt 0:01:13]} 13. Qd3 {[%emt 0:01:17]} Nfd7 {[%emt 0:00:35]} 14. Nxd7 {[%emt 0:01:57]} Qxd7 {[%emt 0:00:13]} 15. Rd1 {[%emt 0:00:02]} Rfd8 {[%emt 0:00:45]} 16. Qe2 {[%emt 0:00:30]} Na4 {[%emt 0:00:29]} 17. Nxa4 {[%emt 0:01:13]} Qxa4 {[%emt 0:00:02]} 18. b3 {[%emt 0:00:02]} Qb5 {[%emt 0:00:30]} 19. Qc4 {[%emt 0:01:06]} Bf6 {[%emt 0:01:38]} 20. Bb2 {[%emt 0:00:43]} Rd7 {[%emt 0:00:30]} 21. e5 {[%emt 0:00:49]} Be7 {[%emt 0:00:27]} 22. a4 {[%emt 0:00:24]} Qd5+ {[%emt 0:00:04]} 23. Qxd5 {[%emt 0:00:12]} Rxd5 {[%emt 0:00:02]} 24. Rac1 {[%emt 0:00:24]} c6 {[%emt 0:00:08]} 25. Bc3 {[%emt 0:00:12]} Rad8 {[%emt 0:00:17]} 26. Rd2 {[%emt 0:00:34]} R8d7 {[%emt 0:01:02]} 27. Rcd1 {[%emt 0:00:14]} Bd8 {[%emt 0:00:02]} 28. Kf3 {[%emt 0:00:27]} f6 {[%emt 0:00:54]} 29. Ke4 {[%emt 0:01:15]} f5+ {[%emt 0:00:33]} 30. Ke3 {[%emt 0:00:15]} Bb6 {[%emt 0:00:01]} 31. f4 {[%emt 0:00:01]} Kf7 {[%emt 0:00:05]} 32. Ke2 {[%emt 0:01:04]} h6 {[%emt 0:00:11]} 33. Kf3 {[%emt 0:00:12]} Rd8 {[%emt 0:00:20]} 34. Ke2 {[%emt 0:00:07]} g5 {[%emt 0:00:04]} 35. Kf3 {[%emt 0:00:01]} g4+ {[%emt 0:00:02]} 36. Ke2 {[%emt 0:00:27]} h5 {[%emt 0:00:10]} 37. Rd3 {[%emt 0:00:09]} h4 {[%emt 0:00:17]} 38. gxh4 Kg6 {[%emt 0:00:18]} 39. h3 {[%emt 0:00:26]} Kh5 {[%emt 0:00:11]} 40. hxg4+ {[%emt 0:00:07]} fxg4 {[%emt 0:00:03]} 41. R3d2 {[%emt 0:00:14]} R5d7 {[%emt 0:00:11]} 42. Kf2 {[%emt 0:00:08]} Rg8 {[%emt 0:00:06]} 43. Kg3 {[%emt 0:00:01]} Rf7 {[%emt 0:00:14]} 44. Rf2 {[%emt 0:00:13]} Bd8 {[%emt 0:00:08]} 45. Rh1 {[%emt 0:00:01]} Bb6 {[%emt 0:00:08]} 46. Re2 {[%emt 0:00:26]} Rd7 {[%emt 0:00:09]} 47. Rd2 {[%emt 0:00:04]} Bd8 {[%emt 0:00:05]} 48. Bb4 {[%emt 0:00:13]} Rd5 {[%emt 0:00:11]} 49. Bc3 {[%emt 0:00:13]} Rg7 {[%emt 0:00:02]} 50. Rf2 {[%emt 0:00:10]} Rf7 {[%emt 0:00:02]} 51. Rff1 {[%emt 0:00:11]} c5 {[%emt 0:00:02]} 52. dxc5 {[%emt 0:00:03]} Rd3+ {[%emt 0:00:01]} 53. Kg2 {[%emt 0:00:05]} Rxc3 {[%emt 0:00:03]} 54. b4 {[%emt 0:00:16]} Rc2+ {[%emt 0:00:08]} 55. Kg3 {[%emt 0:00:08]} Rd7 {[%emt 0:00:00]} 56. Rd1 {[%emt 0:00:06]} Rxd1 {[%emt 0:00:02]} 57. a5 0-1

[Event "Kupreichik Memorial Open 2018"]
[Site "Minsk"]
[Date "2018.06.21"]
[Round "3"]
[White "Yagutian, Mariya"]
[Black "Tihonov, Jurij"]
[Result "0-1"]
[WhiteElo "1506"]
[BlackElo "2385"]
[Annotator "NA"]
[PlyCount "82"]
[EventDate "2018.06.21"]
[EventCountry "BLR"]
[SourceTitle "playchess.com"]
[Source "ChessBase"]
[SourceQuality "1"]
[TimeControl "900+10"]

1. d4 {[%emt 0:00:00]} d6 {[%emt 0:00:10]} 2. Nf3 {[%emt 0:00:03]} g6 {[%emt 0:00:00]} 3. e4 {[%emt 0:00:07]} Bg7 {[%emt 0:00:00]} 4. Be3 {[%emt 0:00:10]} a6 {[%emt 0:00:00]} 5. Nc3 {[%emt 0:00:12]} Nf6 {[%emt 0:00:03]} 6. Qd2 {[%emt 0:00:26]} O-O {[%emt 0:00:06]} 7. Bh6 {[%emt 0:00:03]} b5 {[%emt 0:00:02]} 8. a3 {[%emt 0:00:21]} Bb7 {[%emt 0:00:02]} 9. Bd3 {[%emt 0:00:16]} Nbd7 {[%emt 0:00:10]} 10. h4 {[%emt 0:00:49]} e5 {[%emt 0:00:02]} 11. dxe5 {[%emt 0:00:54]} Nxe5 {[%emt 0:00:14]} 12. Nxe5 {[%emt 0:00:27]} dxe5 {[%emt 0:00:02]} 13. Bxg7 {[%emt 0:00:26]} Kxg7 {[%emt 0:00:02]} 14. Qg5 {[%emt 0:00:10]} Qe7 {[%emt 0:00:05]} 15. h5 {[%emt 0:00:14]} h6 {[%emt 0:00:02]} 16. Qg3 {[%emt 0:00:29]} g5 {[%emt 0:00:03]} 17. Qh3 {[%emt 0:01:10]} c5 {[%emt 0:00:05]} 18. Qe3 {[%emt 0:01:39]} c4 {[%emt 0:00:07]} 19. Be2 {[%emt 0:00:01]} Nd7 {[%emt 0:00:05]} 20. g3 {[%emt 0:00:59]} f5 {[%emt 0:00:09]} 21. f4 {[%emt 0:02:33]} exf4 {[%emt 0:00:09]} 22. gxf4 {[%emt 0:00:09]} Qc5 {[%emt 0:00:30]} 23. Qd2 {[%emt 0:01:54]} Rad8 {[%emt 0:00:10]} 24. fxg5 {[%emt 0:00:12]} Ne5 {[%emt 0:00:03]} 25. gxh6+ {[%emt 0:00:04]} Kh8 {[%emt 0:00:06]} 26. Qg5 {[%emt 0:00:25]} Rg8 {[%emt 0:00:14]} 27. Qf6+ {[%emt 0:00:18]} Kh7 {[%emt 0:00:01]} 28. Qxf5+ {[%emt 0:00:33]} Kh8 {[%emt 0:00:02]} 29. Nd5 {[%emt 0:00:26]} Qd6 {[%emt 0:01:21]} 30. Nf6 {[%emt 0:01:01]} Qd2+ {[%emt 0:00:41]} 31. Kf1 {[%emt 0:00:02]} Qxh6 {[%emt 0:00:13]} 32. Nxg8 {[%emt 0:01:51]} Rxg8 {[%emt 0:00:12]} 33. Qxe5+ {[%emt 0:00:02]} Kh7 {[%emt 0:00:01]} 34. Rd1 {[%emt 0:00:30]} Rf8+ {[%emt 0:00:04]} 35. Ke1 {[%emt 0:00:02]} Bc8 {[%emt 0:00:14]} 36. Qe7+ {[%emt 0:00:11]} Kh8 {[%emt 0:00:06]} 37. Rd8 {[%emt 0:00:09]} Qc1+ {[%emt 0:00:02]} 38. Rd1 {[%emt 0:00:08]} Qf4 {[%emt 0:00:04]} 39. Qh4 {[%emt 0:00:32]} Qe3 {[%emt 0:00:31]} 40. Rh3 {[%emt 0:00:50]} Bxh3 {[%emt 0:00:11]} 41. Qe7 {[%emt 0:00:34]} Rf1# {[%emt 0:00:03]} 0-1

[Event "Kupreichik Memorial Open 2018"]
[Site "Minsk"]
[Date "2018.06.21"]
[Round "3"]
[White "Kasperovich, Mikhail"]
[Black "Sadovnikov, Konstantin"]
[Result "0-1"]
[WhiteElo "1216"]
[BlackElo "1908"]
[Annotator "NA"]
[PlyCount "162"]
[EventDate "2018.06.21"]
[EventCountry "BLR"]
[SourceTitle "playchess.com"]
[Source "ChessBase"]
[SourceQuality "1"]
[TimeControl "900+10"]

1. d4 {[%emt 0:00:00]} Nf6 {[%emt 0:00:01]} 2. c4 {[%emt 0:00:00]} c5 {[%emt 0:00:01]} 3. Nf3 {[%emt 0:00:00]} cxd4 {[%emt 0:00:01]} 4. Nxd4 {[%emt 0:00:00]} e5 {[%emt 0:00:01]} 5. Nf3 {[%emt 0:00:04]} Nc6 {[%emt 0:00:06]} 6. Nc3 {[%emt 0:00:05]} Bb4 {[%emt 0:00:01]} 7. Bd2 {[%emt 0:00:04]} Bxc3 {[%emt 0:01:32]} 8. Bxc3 {[%emt 0:00:03]} Ne4 {[%emt 0:00:11]} 9. Qc2 {[%emt 0:00:07]} Nxc3 {[%emt 0:00:20]} 10. Qxc3 {[%emt 0:00:03]} Qe7 {[%emt 0:00:22]} 11. e3 {[%emt 0:00:07]} O-O {[%emt 0:00:03]} 12. Be2 {[%emt 0:00:03]} Rd8 {[%emt 0:00:54]} 13. Rd1 {[%emt 0:00:13]} d6 {[%emt 0:00:17]} 14. O-O {[%emt 0:00:06]} Be6 {[%emt 0:00:02]} 15. Rd2 {[%emt 0:00:17]} Rd7 {[%emt 0:00:15]} 16. Rfd1 {[%emt 0:00:02]} Rad8 {[%emt 0:00:01]} 17. e4 {[%emt 0:00:32]} f6 {[%emt 0:00:18]} 18. b3 {[%emt 0:00:28]} Kh8 {[%emt 0:01:54]} 19. Nh4 {[%emt 0:00:46]} Nd4 {[%emt 0:00:08]} 20. Qg3 {[%emt 0:00:39]} a6 {[%emt 0:00:31]} 21. Bg4 {[%emt 0:00:11]} b5 {[%emt 0:01:04]} 22. cxb5 {[%emt 0:00:07]} axb5 {[%emt 0:00:01]} 23. Qh3 {[%emt 0:00:22]} Kg8 {[%emt 0:01:14]} 24. Bxe6+ {[%emt 0:00:20]} Qxe6 {[%emt 0:00:40]} 25. Qxe6+ {[%emt 0:00:02]} Nxe6 {[%emt 0:00:01]} 26. Nf5 g6 {[%emt 0:01:06]} 27. Ne3 {[%emt 0:02:01]} Nd4 {[%emt 0:00:02]} 28. Nd5 {[%emt 0:00:28]} Kf7 {[%emt 0:00:02]} 29. Nc3 {[%emt 0:00:08]} Rc8 {[%emt 0:00:31]} 30. Ne2 {[%emt 0:00:13]} Nxe2+ {[%emt 0:00:14]} 31. Rxe2 {[%emt 0:00:02]} Ke6 {[%emt 0:00:00]} 32. Red2 {[%emt 0:00:05]} Rc6 {[%emt 0:00:05]} 33. Rd5 {[%emt 0:00:07]} Rb6 {[%emt 0:02:32]} 34. b4 {[%emt 0:00:11]} Ra7 {[%emt 0:00:07]} 35. R1d2 {[%emt 0:00:06]} Ra4 {[%emt 0:00:04]} 36. Rb2 {[%emt 0:00:05]} Rc6 {[%emt 0:00:22]} 37. Kf1 {[%emt 0:00:01]} Rc4 {[%emt 0:00:09]} 38. Rxb5 {[%emt 0:00:02]} Rxe4 {[%emt 0:00:00]} 39. Rb7 {[%emt 0:00:11]} d5 {[%emt 0:03:04]} 40. b5 {[%emt 0:00:12]} Kf5 {[%emt 0:01:41]} 41. b6 {[%emt 0:00:09]} Rab4 {[%emt 0:00:21]} 42. Rxb4 {[%emt 0:00:15]} Rxb4 {[%emt 0:00:01]} 43. Rb8 {[%emt 0:00:21]} Rb1+ {[%emt 0:00:13]} 44. Ke2 {[%emt 0:00:04]} Rb2+ {[%emt 0:00:03]} 45. Kd3 {[%emt 0:00:07]} Rxa2 {[%emt 0:00:01]} 46. b7 {[%emt 0:00:10]} Rb2 {[%emt 0:00:01]} 47. Kc3 {[%emt 0:00:01]} Rb6 {[%emt 0:00:04]} 48. f3 {[%emt 0:00:06]} h5 {[%emt 0:00:09]} 49. Kd3 {[%emt 0:00:08]} g5 {[%emt 0:00:15]} 50. g3 {[%emt 0:00:06]} g4 {[%emt 0:00:08]} 51. fxg4+ {[%emt 0:00:09]} hxg4 {[%emt 0:00:01]} 52. Kc3 {[%emt 0:00:13]} Ke4 {[%emt 0:00:02]} 53. Rg8 {[%emt 0:00:10]} Rxb7 {[%emt 0:00:05]} 54. Rxg4+ {[%emt 0:00:02]} Kf5 {[%emt 0:00:00]} 55. Rh4 {[%emt 0:00:05]} d4+ {[%emt 0:00:44]} 56. Kc4 {[%emt 0:00:19]} Ke6 {[%emt 0:00:09]} 57. Re4 {[%emt 0:00:18]} Rc7+ {[%emt 0:00:01]} 58. Kd3 {[%emt 0:00:03]} Rc3+ {[%emt 0:00:01]} 59. Kd2 {[%emt 0:00:02]} Kd5 {[%emt 0:00:01]} 60. Re1 {[%emt 0:00:09]} Ra3 {[%emt 0:00:02]} 61. h4 {[%emt 0:00:06]} Rxg3 {[%emt 0:00:02]} 62. Rh1 {[%emt 0:00:03]} e4 {[%emt 0:00:01]} 63. h5 {[%emt 0:00:01]} Rg2+ {[%emt 0:00:35]} 64. Kd1 {[%emt 0:00:04]} f5 {[%emt 0:00:50]} 65. h6 {[%emt 0:00:02]} Rg8 {[%emt 0:00:02]} 66. h7 {[%emt 0:00:01]} Rh8 {[%emt 0:00:00]} 67. Rh5 {[%emt 0:00:10]} Ke5 {[%emt 0:00:01]} 68. Rh4 {[%emt 0:00:04]} d3 {[%emt 0:00:19]} 69. Kd2 {[%emt 0:00:03]} Kf6 {[%emt 0:00:52]} 70. Ke3 {[%emt 0:00:16]} Kg6 {[%emt 0:00:05]} 71. Rh2 {[%emt 0:00:20]} Rxh7 {[%emt 0:00:03]} 72. Rg2+ {[%emt 0:00:02]} Kf6 {[%emt 0:00:01]} 73. Kf4 {[%emt 0:00:05]} Rh4+ {[%emt 0:00:02]} 74. Ke3 {[%emt 0:00:02]} Ke5 {[%emt 0:00:01]} 75. Rg5 {[%emt 0:00:01]} Rh3+ {[%emt 0:00:01]} 76. Kd2 {[%emt 0:00:02]} Kf4 {[%emt 0:00:03]} 77. Rg1 {[%emt 0:00:02]} Rh2+ {[%emt 0:00:01]} 78. Kd1 {[%emt 0:00:01]} e3 {[%emt 0:00:02]} 79. Rf1+ {[%emt 0:00:03]} Ke4 {[%emt 0:00:01]} 80. Rg1 {[%emt 0:00:03]} Ra2 {[%emt 0:00:06]} 81. Rg8 {[%emt 0:00:06]} Ra1# {[%emt 0:00:02]} 0-1

[Event "Kupreichik Memorial Open 2018"]
[Site "Minsk"]
[Date "2018.06.21"]
[Round "4"]
[White "Andreikin, Dmitry"]
[Black "Shevchenko, Kirill"]
[Result "1-0"]
[WhiteElo "2733"]
[BlackElo "2432"]
[Annotator "TA"]
[PlyCount "79"]
[EventDate "2018.06.21"]
[EventCountry "BLR"]
[SourceTitle "playchess.com"]
[Source "ChessBase"]
[SourceQuality "1"]

{[%evp 12,79,0,0,8,-5,6,-11,16,0,25,24,17,45,32,0,0,-77,122,124,134,107,101,93,137,119,122,117,113,82,108,99,244,227,240,245,245,247,310,291,504,348,727,342,266,231,362,225,255,0,0,0,0,0,32,29,89,8,17,8,8,-11,195,186,5285,5202,29989,29990,29992,29993]} 1. e4 c5 2. Nc3 d6 3. d4 cxd4 4. Qxd4 Nc6 5. Qd2 Nf6 6. b3 {B23: Closed Sicilian: Lines without g3} e6 7. Bb2 {LiveBook: 4 Games} Be7 (7... a6 8. O-O-O b5 9. f3 h5 10. Nh3 Be7 11. Ng5 {1-0 (31) Carlsen,M (2843)-Wojtaszek,R (2744) Shamkir 2018}) 8. O-O-O {The position is equal.} O-O $146 ({Predecessor:} 8... a6 9. f4 O-O 10. g4 Nxg4 11. Nf3 {1-0 (24) Xu,X (2581)-Liu,Y (2505) Tianjin 2018}) 9. f4 {[#]} d5 $1 {[%mdl 512]} 10. e5 (10. exd5 exd5) 10... Nd7 11. Nf3 a6 12. Kb1 b5 13. h4 {[%cal Bh2h4,Bh4h5][%mdl 32]} Nc5 14. Ng5 (14. Bd3 $11) 14... b4 $2 (14... h6 $17 {keeps the pressure on.} 15. Nf3 Bb7) 15. Na4 $16 Nxa4 16. Qd3 {[%csl Gg5][%cal Rd3h7]} g6 17. bxa4 f5 18. h5 {aiming for Nxh7!} Bxg5 19. fxg5 Qxg5 20. hxg6 Qxg6 21. Qe3 d4 (21... Ra7 $16) 22. Bxd4 $18 Nxd4 23. Rxd4 Ra7 24. g4 {Threatens to win with gxf5.} (24. Rxb4 Rd7 $16) 24... Rg7 25. gxf5 exf5 $2 (25... Qg5 26. Qxg5 Rxg5 27. fxe6 (27. Rxb4 exf5 28. Bc4+ Kg7 $16) 27... Rxe5) 26. Rd6 Qg4 $2 (26... Qf7 27. Bxa6 f4) 27. Bd3 (27. Qc5 $142 {And now Bc4+ would win.} Bb7 28. Bc4+ Kh8 29. Rhd1) 27... Bb7 28. Re1 Qg3 (28... Re8 $142 29. Bxa6 Bxa6) 29. Qd2 (29. Bxa6 Bxa6 30. Qxg3 (30. Rxa6 Qxe3 31. Rxe3 f4 $14) 30... Rxg3 $16) 29... Be4 30. Rf6 $2 ({Don't play} 30. Bxa6 $6 Kh8 $16) ({Resist} 30. Rxa6 $6 Bxd3 31. cxd3 Rd7 $16) (30. Bxe4 $18 fxe4 31. Qd5+ (31. Qxb4 Qxe5 32. Qb3+ Kh8 $16) 31... Rgf7 32. Qxe4 (32. Rxe4 Kh8 $16)) 30... Bxd3 $11 31. Rxf8+ Kxf8 32. cxd3 {[%mdl 4096] Endgame KQR-KQR} Re7 33. d4 {next Rf1 is good for White.} f4 {[#]} (33... Ke8 $11 {remains equal.}) 34. d5 ({White should play} 34. Rf1 $1 $16) 34... f3 35. e6 $36 {[%mdl 2048] Strongly threatening d6. White is more active.} Qg6+ 36. Kb2 Qf6+ $2 (36... Qg2 $11 37. Rd1 f2 38. Qf4+ Kg8) 37. Kb3 $18 {d6 is the strong threat.} Rc7 $2 (37... Re8 38. Qxb4+ Kg7 39. Rg1+ Kh8) 38. Qxb4+ Kg7 39. Rg1+ Kh6 40. Qd2+ {Precision: White = 49%, Black = 29%.} 1-0

[Event "Kupreichik Memorial Open 2018"]
[Site "Minsk"]
[Date "2018.06.21"]
[Round "4"]
[White "Aleksandrov, Aleksej"]
[Black "Mamedov, Rauf"]
[Result "1/2-1/2"]
[WhiteElo "2597"]
[BlackElo "2711"]
[Annotator "TA"]
[PlyCount "30"]
[EventDate "2018.06.21"]
[EventCountry "BLR"]
[SourceTitle "playchess.com"]
[Source "ChessBase"]
[SourceQuality "1"]

{[%evp 20,21,0,0]} 1. d4 d5 2. c4 c6 3. cxd5 cxd5 4. Nc3 Nc6 5. Nf3 Nf6 6. Bf4 Bf5 7. e3 e6 8. Bd3 Bxd3 9. Qxd3 Bd6 10. Bxd6 Qxd6 11. O-O {Vorgänger:} O-O $146 12. Rfc1 Rfc8 13. h3 h6 14. Nd2 Nd7 15. Ne2 Ne7 {½-½ (15) Bu,X (2725)-Duda,J (2724) Liaocheng 2018} 1/2-1/2

[Event "Kupreichik Memorial Open 2018"]
[Site "Minsk"]
[Date "2018.06.21"]
[Round "4"]
[White "Meshkovs, Nikita"]
[Black "Nikitenko, Mihail"]
[Result "1-0"]
[WhiteElo "2572"]
[BlackElo "2401"]
[Annotator "TA"]
[PlyCount "121"]
[EventDate "2018.06.21"]
[EventCountry "BLR"]
[SourceTitle "playchess.com"]
[Source "ChessBase"]
[SourceQuality "1"]

{[%evp 21,121,0,0,-8,15,22,21,20,24,-7,-6,-22,-10,-13,0,0,0,0,0,0,0,-15,24,26,40,28,34,35,93,62,188,214,233,220,441,471,453,422,406,385,453,444,441,373,557,254,242,234,238,235,257,257,336,254,298,291,526,294,278,285,448,448,448,448,448,448,435,441,408,428,437,437,442,439,430,437,598,593,638,633,645,604,677,691,920,901,1618,1800,1412,1387,29970,29973,29972,29974,29974,29975,29969,29970,29960,29964,29962,5401]} 1. c4 e5 2. Nc3 Nf6 3. Nf3 Nc6 4. g3 d5 5. cxd5 Nxd5 6. Bg2 Nb6 7. O-O Be7 8. b3 O-O 9. Bb2 Re8 {A29: Englische Eröffnung (Vierspringer-Variante)} 10. d3 Bf8 11. Rc1 a5 {LiveBook: 6 Partien. Die Stellung ist ausgeglichen.} (11... Bg4 12. h3 Bh5 13. Ne4 Rb8 14. Nc5 Bxc5 15. Rxc5 f6 16. a3 Qd7 17. b4 Bf7 18. Qc2 Rbc8 19. Rc1 a6 20. Nd2 Nd5 {1-0 (52) Eljanov,P (2711)-Ganguly,S (2650) Riadh 2017}) 12. Nd2 Nd4 13. e3 Nc6 $146 ({Vorgänger:} 13... Ne6 14. Nc4 Nxc4 15. dxc4 c6 16. Qxd8 Nxd8 17. Na4 Bg4 18. h3 Be2 {1-0 (32) Cvetkovic,S (2423)-Ilic,Z (2349) Obrenovac 2005}) 14. Nc4 Nxc4 15. bxc4 Nb4 16. Be4 f5 17. Bg2 c6 18. d4 e4 $1 19. Rb1 Be6 20. a3 $36 {[%mdl 2048] Weiss steht aktiver.} Nd3 21. Qa4 Qe7 22. c5 h5 23. Bc1 h4 24. Bd2 Bf7 ({Lieber} 24... hxg3 $14 25. hxg3 Qd7) 25. Qc2 Qc7 ({Besser ist} 25... a4 $14) 26. f3 $18 hxg3 27. fxe4 fxe4 $2 (27... Nf2 28. e5 (28. exf5 Ng4 $16) 28... g6 29. hxg3 Ng4) 28. Nxe4 Rxe4 29. Bxe4 Nf2 30. Bg2 Re8 31. hxg3 Ng4 32. Qf5 Nxe3 {[#]} (32... Nh6 $142 33. Qf4 Qe7) 33. Bxe3 (33. Qxf7+ $142 $1 {[%mdl 512]} Qxf7 34. Rxf7 Kxf7 35. Rxb7+ Kg6 36. Bxc6) 33... Rxe3 34. Rf3 Rxf3 35. Qxf3 ({Nicht} 35. Bxf3 Qxg3+ 36. Kh1 Qh4+ 37. Kg2 Qxd4 $11) 35... Qd7 36. Qf4 Be7 37. Qb8+ Kh7 38. Be4+ ({Auf keinen Fall} 38. Rxb7 $6 Qxd4+ 39. Kh2 Qxc5 $16) 38... g6 $2 (38... Bg6 39. Qe5 Qg4) 39. Qe5 {Schwarz muss nun Kg2 beachten.} Bf8 40. Kg2 {Droht Matt per Th1+.} Bg7 (40... Kg8 $142 41. Rb2 Be8) 41. Qh5+ Kg8 42. Bxg6 Qd5+ 43. Qxd5 Bxd5+ {[%mdl 4096] Endspiel KTL-KL} 44. Kh3 Bxd4 45. Rxb7 Bxc5 46. a4 Bb4 47. Bc2 c5 48. Rc7 c4 49. g4 {[%cal Bg3g4,Bg4g5,Bg5g6][%mdl 32]} Be1 50. g5 Be6+ 51. Kg2 Bd2 52. g6 Bd5+ 53. Kg3 Bb4 54. Kh4 Kf8 55. Kg5 Bd2+ 56. Kf5 {Weiß setzt Matt.} Bc3 57. Be4 Bg8 {[#]} 58. g7+ $1 Bxg7 59. Rc8+ Kf7 60. Bd5+ Ke7 61. Rxg8 {Precision: Weiß = 71%, Schwarz = 39%.} (61. Bxg8 $142 Kd6 62. Bxc4 Bd4 63. Ba2 Bb6 64. Re8 Kc6 65. Re5 Bc5 66. Ke6) 1-0

[Event "Kupreichik Memorial Open 2018"]
[Site "Minsk"]
[Date "2018.06.21"]
[Round "4"]
[White "Arzumanian, Georgy"]
[Black "Zhukovskij, Viktor"]
[Result "1-0"]
[WhiteElo "2474"]
[BlackElo "1973"]
[Annotator "TA"]
[PlyCount "91"]
[EventDate "2018.06.21"]
[EventCountry "BLR"]
[SourceTitle "playchess.com"]
[Source "ChessBase"]
[SourceQuality "1"]

{[%evp 14,91,5,-8,11,25,78,69,98,88,145,143,132,126,137,127,127,130,132,119,329,141,154,114,175,194,233,205,233,202,230,203,231,210,210,210,208,178,178,183,245,189,156,181,165,131,201,201,203,195,202,187,209,196,252,241,456,452,448,443,560,414,599,589,573,580,733,696,877,865,881,855,836,833,814,806,770,736,29982,29983]} 1. d4 d5 2. Bf4 Nf6 3. Nf3 e6 4. e3 Bd6 5. Bg3 O-O 6. c3 c5 7. Nbd2 Nc6 8. Bd3 {LiveBook: 721 Games} Bxg3 {D02: 1 d4 d5 2 Nf3 sidelines, including 2...Nf6 3 g3 and 2...Nf6 3 Bf4} (8... b6 9. e4 Be7 10. e5 Nh5 11. Nf1 cxd4 12. Nxd4 Nxd4 13. cxd4 g6 14. Ne3 f5 15. exf6 Bxf6 16. Be2 Nxg3 17. hxg3 {½-½ (37) Nakamura,H (2787)-Svidler,P (2760) Moscow 2018}) 9. hxg3 Qd6 (9... c4 $11 10. Bc2 g6) 10. Ne5 $16 g6 {White is slightly better.} ({Of course not} 10... Nxe5 $6 11. Bxh7+ $1 {[%mdl 512]} Nxh7 12. Qh5 $16) 11. f4 Nd7 $146 (11... cxd4 $142 12. exd4 Qe7) ({Predecessor:} 11... Ne8 12. Qg4 f5 13. Qh4 Qe7 14. Nxg6 Qxh4 15. Nxh4 cxd4 16. exd4 {1-0 (52) Sakurai,L-Markeluk,S (2320) Buenos Aires 1988}) 12. Qg4 $1 Ncxe5 13. fxe5 Qe7 14. O-O-O {Hoping for Rxh7!} f5 15. exf6 $1 $40 {[%mdl 128] White wants a kill.} Nxf6 16. Qg5 c4 $2 {[#]} (16... Bd7 $16 {is a better defense.}) 17. Bc2 (17. Bxg6 $1 $18 {[%mdl 512] is the precise move to win.} hxg6 18. Rh6) 17... Rf7 18. Rdf1 {Strongly threatening Bxg6!} Nd7 (18... Ne8 $16 19. Qh6 Rxf1+ 20. Rxf1 Qg7) 19. Qh6 $1 $18 Nf8 20. Nf3 Bd7 21. Ne5 Rxf1+ 22. Rxf1 Qg7 23. Qxg7+ Kxg7 {[#]} 24. Rf7+ $1 Kg8 25. Rxd7 Nxd7 26. Nxd7 Rd8 (26... Kf7 $142 27. Ne5+ Ke7) 27. Ne5 Rf8 {[#]} 28. Nf3 $1 b5 29. Kd2 Kg7 (29... Kf7 $16 30. e4 Ke7) 30. Ke2 Rb8 31. a3 Kf6 32. Ne5 Rb7 33. e4 a5 (33... Ke7 {might work better.} 34. Kd2 a6 35. exd5 exd5) 34. Nc6 b4 $2 (34... Rc7) 35. axb4 axb4 36. Nxb4 Rb5 37. Ke3 Ra5 (37... dxe4 $142 38. Bxe4 Ra5) 38. exd5 exd5 39. Bd1 Ra1 40. Bf3 Re1+ 41. Kd2 Rb1 42. Kc2 Rf1 43. Nxd5+ Ke6 44. Ne3 Rf2+ 45. Kc1 Kf6 46. Ng4+ {Precision: White = 71%, Black = 24%.} 1-0

[Event "Kupreichik Memorial Open 2018"]
[Site "Minsk"]
[Date "2018.06.21"]
[Round "4"]
[White "Notkin, Maksim"]
[Black "Meshkov, Yuri A"]
[Result "1/2-1/2"]
[WhiteElo "2455"]
[BlackElo "2375"]
[Annotator "TA"]
[PlyCount "49"]
[EventDate "2018.06.21"]
[EventCountry "BLR"]
[SourceTitle "playchess.com"]
[Source "ChessBase"]
[SourceQuality "1"]

{[%evp 14,49,22,24,41,46,56,29,51,27,20,14,30,-19,0,0,0,-101,42,24,41,37,38,-118,83,90,132,112,134,44,71,-92,-90,-87,-91,-103,-101,-522]} 1. d4 Nf6 2. c4 d6 3. Nf3 g6 4. Nc3 Bf5 5. Nh4 Bd7 6. g3 {E61: King's Indian: Early deviations for White, including Smyslov System} Bg7 7. Bg2 Nc6 8. O-O {LiveBook: 10 Games. The position is equal.} e5 9. d5 Ne7 10. b4 $146 ({Predecessor:} 10. e4 O-O 11. h3 h6 12. Kh2 Nh7 13. Be3 g5 14. Nf3 f5 15. exf5 Nxf5 16. Ne4 g4 17. hxg4 Nxe3 18. fxe3 Bxg4 {½-½ (29) Roussel Roozmon,T (2486)-Moiseenko,A (2632) Montreal 2008}) 10... a5 11. bxa5 Rxa5 12. a4 O-O 13. Ba3 {[%cal Bc1a3,Ba3b4,Bb4c5][%mdl 32]} Qa8 {[%cal Rd7a4]} 14. Bb4 Ra6 15. c5 {[#]} (15. e4 $11) 15... Ne8 (15... e4 $1 $17 {[%mdl 512]} 16. cxd6 (16. Nxe4 Nxe4) 16... cxd6) 16. Qb3 dxc5 17. Bxc5 Nd6 18. Rfb1 $2 {[#]} (18. e4 $14) 18... Rb8 $2 (18... e4 $1 $17 {[%mdl 512] stays on course.} 19. Bxd6 (19. Nxe4 Bxa1) 19... cxd6 20. Nxe4 Bxa4 21. Rxa4 Rxa4 22. Nxd6 Ra1) 19. e4 $16 b5 20. Bf1 Nec8 21. Ra2 (21. Qd1 $16) 21... Ra5 22. axb5 $2 (22. Rbb2 $16 {and life is bright.}) 22... Rxa2 $17 {Black is better.} 23. Qxa2 Qxa2 24. Nxa2 Nxe4 25. Ra1 $2 {[%mdl 40960] Precision: White = 28%, Black = 28%. . An unexpected result.} (25. Bb4 $17 {is a better chance.}) 1/2-1/2